00974nam a2200205 a 4500008004100000050001200041100002700053245008900080260002300169300000900192350000900201500019400210650004500404650003500449650001300484710003200497995010000529999001700629952012200646091029s1988 ||||||||||||||||| || u aASC(01) aMasquelier, Bertrand M14aThe Significance of speaking: ikufu-healing among the Ide of the Bamenda Grassfields aLeiden:bASCc1988 a23p. a0.00 aPaper presented at the International Conference on Ethnomedical Systems in Sub-Sahara Africa, Leiden 1-4 June 1988. A Cultural perspective on tradtional medicine and the concept of disease. aTRADITIONAL MEDICINE--AFRICA--CONGRESSES aTRADITIONAL MEDICINE--CAMEROON aMEDICINE aAfrica Studies Centre (ASC) D0.00FCBU-MAIN LIBRARY (Kitwe)H1I0.00M1UAVAILABLEWOct 29, 2009ZInternational Publications c57459d57459 00102lcc4070a001b001cInternational Publicationsd2022-11-30l0oASC(01)pZ03004738r2022-11-30w2022-11-30y002